Bíblia - Statistics

Estatísticas Gerais
  • Esse quiz foi jogado 323 vezes
  • A pontuação média é 43 de 66
Estatísticas das Respostas
Livros % Correto
Gênesis
94%
94%
1 João
90%
2 João
90%
3 João
90%
João
89%
Apocalipse
88%
Mateus
87%
Éxodo
85%
Salmos
85%
Números
83%
Levítico
82%
Lucas
82%
Marcos
81%
Deuteronômio
78%
Rute
77%
1 Samuel
76%
2 Samuel
76%
1 Pedro
75%
2 Pedro
75%
Atos dos Apóstolos
73%
Josué
73%
Provérbios
73%
Ester
71%
Judas
71%
1 Coríntios
70%
2 Coríntios
70%
1 Reis
69%
2 Reis
69%
Cântico dos cânticos
69%
Juízes
69%
Isaías
68%
Daniel
66%
Eclesiastes
66%
Romanos
64%
Jeremias
63%
Neemias
63%
Malaquias
62%
1 Crônicas
61%
2 Crônicas
61%
Esdras
60%
Hebreus
60%
Colossenses
59%
Tiago
59%
Gálatas
57%
1 Tessalonicenses
56%
2 Tessalonicenses
56%
Efésios
56%
1 Timóteo
55%
2 Timóteo
55%
Filipenses
55%
Ezequiel
54%
Jonas
54%
Lamentações
52%
Tito
51%
Joel
50%
Miquéias
50%
Amós
49%
Filémon
49%
Oséias
47%
Naum
46%
Zacarias
46%
Ageu
43%
Sofonias
43%
Habacuc
20%
Abdias
12%
Nenhum quiz correspondente encontrado
Distribuição das Pontuações
Porcentagem de Pessoas com Cada Pontuação
Percentil de Números Respondidos
Sua Pontuação Histórica
Você não jogou esse quiz